Cement bonded rubberwood panels used for low income housing and other applications (Record no. 55258)

MARC details
000 -LEADER
fixed length control field 00419nam a2200109Ia 4500
100 ## - MAIN ENTRY--AUTHOR NAME
Personal name Elton G V
245 #0 - TITLE STATEMENT
Title Cement bonded rubberwood panels used for low income housing and other applications
260 ## - PUBLICATION, DISTRIBUTION, ETC. (IMPRINT)
Name of publisher Proceedings: Global Forum on Investment Opportunities in the Indian Rubberwood Industry, Cochin, 19-21 March 1996; p185-190
650 ## - SUBJECT ADDED ENTRY--TOPICAL TERM
Topical Term Rubberwood
942 ## - ADDED ENTRY ELEMENTS (KOHA)
Koha item type Journals
Holdings
Withdrawn status Lost status Damaged status Not for loan Home library Current library Shelving location Date acquired Koha item type
      Journals RRII Library RRII Library Rubber general 17/12/2021 Journals